000 00322nam a22001337a 4500
008 170525b xxu||||| |||| 00| 0 eng d
020 _a9780816047017
041 _aeng
080 _a007.52
100 _a26
101 _aIM
245 _aROBOTICS INTELLEGENTE MACHINES FOR NEW CENTURY
_cTHRO.E
942 _2udc
_cBK
999 _c14285
_d14285